Comprensión de la macroeconomía / (Registro nro. 3244)

Detalles MARC
000 -LEADER
campo de control de longitud fija 00779nam a2200265 4500
001 - NÚMERO DE CONTROL
campo de control 3244
003 - IDENTIFICADOR DE NÚMERO DE CONTROL
campo de control HMS
005 - FECHA Y HORA DE LA ÚLTIMA TRANSACCIÓN
campo de control 20260309160443.0
008 - DATOS DE LONGITUD FIJA--INFORMACIÓN GENERAL
campo de control de longitud fija 701105s1970 njua s 001 0 eng
010 ## - NÚMERO DE CONTROL DE LA BIBLIOTECA DEL CONGRESO
Número de control de LC 70121723
020 ## - NÚMERO INTERNACIONAL ESTÁNDAR DEL LIBRO
Número Internacional Estándar del Libro 9780139359736
040 ## - FUENTE DE CATALOGACIÓN
Centro catalogador/agencia de origen hms
Centro/agencia transcriptor spa
Centro/agencia modificador hms
050 00 - SIGNATURA TOPOGRÁFICA DE LA BIBLIOTECA DEL CONGRESO
Número de clasificación HB171
Número de ítem .H49 1970
082 00 - NÚMERO DE LA CLASIFICACIÓN DECIMAL DEWEY
Número de clasificación 339
100 1# - ENTRADA PRINCIPAL--NOMBRE DE PERSONA
Nombre de persona Heilbroner, Robert L.
9 (RLIN) 5593
245 10 - MENCIÓN DEL TÍTULO
Título Comprensión de la macroeconomía /
Mención de responsabilidad, etc. Robert L. Heilbroner.
Resto del título [libro]
246 ## - FORMA VARIANTE DEL TITULO
Título propio/Titulo breve Understanding macroeconomics
250 ## - MENCION DE EDICION
Mención de edición Reimpresión de 1976
260 ## - PUBLICACIÓN, DISTRIBUCIÓN, ETC.
Lugar de publicación, distribución, etc. México :
Nombre del editor, distribuidor, etc. Editorial Hispanoa-Americana,
Fecha de publicación, distribución, etc. 1976
300 ## - DESCRIPCIÓN FÍSICA
Extensión xii, 228 páginas:
Otras características físicas col. illus.;
Dimensiones 24 cm.
500 ## - NOTA GENERAL
Nota general Incluye índice
650 #0 - PUNTO DE ACCESO ADICIONAL DE MATERIA--TÉRMINO DE MATERIA
Término de materia o nombre geográfico como elemento de entrada Macroeconomics.
9 (RLIN) 5594
650 #0 - PUNTO DE ACCESO ADICIONAL DE MATERIA--TÉRMINO DE MATERIA
Término de materia o nombre geográfico como elemento de entrada Economía
9 (RLIN) 5595
942 ## - ELEMENTOS DE ENTRADA SECUNDARIOS (KOHA)
Fuente del sistema de clasificación o colocación Clasificación Decimal Dewey
Tipo de ítem Koha Colección General
Suprimir en OPAC No
Existencias
Estatus retirado Estado de pérdida Fuente del sistema de clasificación o colocación Estado de daño No para préstamo Colección Biblioteca de origen Biblioteca actual Ubicación en estantería Fecha de adquisición Fuente de adquisición Número de inventario Total de préstamos Signatura topográfica completa Código de barras Visto por última vez Copia número Precio de reemplazo Tipo de ítem Koha
    Clasificación Decimal Dewey     Colección General Biblioteca Hospital Militar de Santiago Biblioteca Hospital Militar de Santiago Exhibido 03/03/2026 Donación BCN 0003212   339 H466 1976 0003212 09/03/2026 c.1 09/03/2026 Colección General


Biblioteca Hospital Militar de Santiago / Av. Alcalde Fernando Castillo Velasco 9100
Teléfono: 22 331 7229 / E-mail: biblioteca@hms.cl
Horarios de Atención
Lunes a Viernes de: 08:00 a 13:00 hrs / 14:00 a 17:00 hrs